000 00768cam a2200277 4500500
005 20260329004301.0
041 _afre
042 _adc
100 1 0 _aEltchaninoff, Michel
_eauthor
245 0 0 _aNotre-Dame, le chef-d’œuvre inachevé
260 _c2019.
500 _a78
690 _aCathédrale
690 _aConstruction
690 _aEsthétique
690 _aHegel
690 _aIncendie
690 _aMichel Eltchaninoff
690 _aNotre-Dame
690 _aParis
690 _aReconstruction
690 _aRomantisme
690 _aRuine
786 0 _nPhilosophie magazine | 130 | 6 | 2019-06-01 | p. 8-8 | 1951-1787
856 4 1 _uhttps://shs.cairn.info/magazine-philosophie-magazine-2019-6-page-8?lang=fr&redirect-ssocas=7080
999 _c1832456
_d1832456